| 000 -LEADER |
| fixed length control field |
00642nam a22001697a 4500 |
| 020 ## - INTERNATIONAL STANDARD BOOK NUMBER |
| ISBN |
9786218167506 |
| 082 ## - DEWEY DECIMAL CLASSIFICATION NUMBER |
| Classification number |
378.103 |
| Item number |
F385 2024 |
| 100 ## - MAIN ENTRY--AUTHOR NAME |
| Personal name |
Ferrer, Raphael M., author. |
| 245 ## - TITLE STATEMENT |
| Title |
A course module for National Service Training Program II (NSTP II) / Raphael M. Ferrer [and four others]. |
| 260 ## - PUBLICATION, DISTRIBUTION, ETC. (IMPRINT) |
| Place of publication |
Quezon City : |
| Name of publisher |
Rex Printing Company Inc., |
| Year of publication |
©2024. |
| 300 ## - PHYSICAL DESCRIPTION |
| Number of Pages |
xi, 178 pages ; |
| Other physical details |
26 cm. |
| 500 ## - GENERAL NOTE |
| General note |
Includes bibliographical references and index. |
| 650 ## - SUBJECT ADDED ENTRY--TOPICAL TERM |
| Topical Term |
Service training -- Philippines. |
| 650 ## - SUBJECT ADDED ENTRY--TOPICAL TERM |
| Topical Term |
Student volunteers in social service -- Philippines. |
| 650 ## - SUBJECT ADDED ENTRY--TOPICAL TERM |
| Topical Term |
National service -- Philippines. |
| 942 ## - ADDED ENTRY ELEMENTS (KOHA) |
| Koha item type |
Books |